| 000 | 00789cam a2200301 i 4500 | ||
|---|---|---|---|
| 001 | 0000573 | ||
| 003 | DO-SdBNP | ||
| 005 | 20170915091852.0 | ||
| 007 | 0000573 | ||
| 008 | 100514s 1995 sp 000 f spa | ||
| 015 | _a | ||
| 017 |
_a _b |
||
| 020 | _a8424115015 | ||
| 035 | _a | ||
| 040 |
_aBPMSU _bspa _cBPMSU _e |
||
| 082 | 4 |
_aR463.1 _bE92d |
|
| 245 | 0 | 0 |
_aEverest : _bdiccionario de sinónimos y antónimos |
| 250 | _a14a. ed. | ||
| 260 |
_aMadrid : _bEverest, _c[1995]. |
||
| 300 |
_a638 p. ; _c17 cm |
||
| 650 | 4 |
_aESPAÑOL _vDICCIONARIOS |
|
| 650 | 4 |
_aESPAÑOL _xSINÓNIMOS Y ANTÓNIMOS _vDICCIONARIOS |
|
| 710 | _aEVEREST | ||
| 910 | _aValidado. Control de calidad MFF | ||
| 942 |
_2ddc _cBK |
||
| 945 | _aInvetariado / 2017 VM | ||
| 956 |
_aYLOCKWARD _810 _cBPMSU |
||
| 999 |
_c11031 _d11031 |
||